| 000 | 00557nam a22001937a 4500 | ||
|---|---|---|---|
| 999 |
_c1043 _d1043 |
||
| 003 | OSt | ||
| 005 | 20191106132650.0 | ||
| 008 | 150218b xxu||||| |||| 00| 0 eng d | ||
| 020 | _a0443075484 | ||
| 040 | _cDNLM | ||
| 082 | _aWE 850 H19 2000 | ||
| 100 |
_aMandell, Steven; Jeanean, Wills _92814 |
||
| 245 | _aHandbook of Lower Extremity Neurology | ||
| 260 |
_aLondon; _bChurchill Living Stone, _c2000. |
||
| 300 |
_avii, 275 p : _bill; _c27 cm |
||
| 504 | _aIncludes bibliographical references and index. | ||
| 650 |
_aNeurology _92815 |
||
| 942 |
_2z _cSLOAN |
||